| 000 | 00635cam a2200217 4500500 | ||
|---|---|---|---|
| 005 | 20260405003710.0 | ||
| 041 | _afre | ||
| 042 | _adc | ||
| 100 | 1 | 0 |
_aDurand, Jean-Marie _eauthor |
| 245 | 0 | 0 | _aRien n’est dit. Moderne après tout |
| 260 | _c2023. | ||
| 500 | _a68 | ||
| 690 | _aCritique | ||
| 690 | _aExpérience | ||
| 690 | _aIdéal | ||
| 690 | _aModernité | ||
| 690 | _aPhilippe Forest | ||
| 690 | _aRoland Barthes | ||
| 786 | 0 | _nPhilosophie magazine | 169 | 5 | 2023-05-01 | p. 70-71 | 1951-1787 | |
| 856 | 4 | 1 | _uhttps://shs.cairn.info/magazine-philosophie-magazine-2023-5-page-70?lang=fr&redirect-ssocas=7080 |
| 999 |
_c2069976 _d2069976 |
||